000 00268nam a22001217a 4500
999 _c12605
_d12605
020 _a9788131799437
082 _aQA9.58
100 _a Himanshu B Dave
245 _aDesign and Analysis of Algorithms
250 _a2nd
260 _aIndia
_bPearson
_c2013
942 _cBK